000 00610cam a2200229 4500
001 23816
005 20230410103544.0
008 060907s2005 dr spa
020 _a999349464X
035 _9funglode23984
041 _aspa
050 1 4 _a118 PQ 7409.2
_bR696p 2005
082 0 0 _aRD861.44
100 1 _aRodríguez, Rafael P.
245 1 0 _aPétalos de agua /
_cRafael P. Rodríguez
260 _aSan Fco. Macorís :
_bEdiciones Angeles de Fierro,
_c2005
300 _a51 p.
650 4 _aPoesía dominicana
650 4 _aLiteratura dominicana
650 4 _a20150600
942 _2lcc
_cbk
999 _c21215
_d21215